000 00627cam a22002054a 4500
005 20250605164311.0
008 250528s ||||||||||||||||||||||||d
035 _a22501
020 _a9789602864371
040 _aGR-AtMCL
_bgre
_dGR-AtMCL
_eAACR2
245 1 _aΨΥΧΟΛΟΓΙΑ ΚΑΙ ΠΑΘΟΛΟΓΙΚΗ ΣΥΜΠΕΡΙΦΟΡΑ: ΜΙΑ ΣΥΝΘΕΤΙΚΗ ΒΙΟΨΥΧΟΚΟΙΝΩΝΙΚΗ ΠΡΟΣΕΓΓΙΣΗ ΤΟΜΟΣ Β
250 _a2
260 _bΈλλην,
_c2001
300 _a429
700 1 _aBarlow David H.
_94814
700 1 _aDurand Mark V
_96037
942 _cBK
999 _c7553
_d7553